01011nam a2200229 a 450000100100000000500170001000800410002704000250006808200200009310000320011324501210014526000380026630000370030459000260034165000360036765000370040370000440044091000380048495201180052295201240064099900170076400001107120200929162342.0091014t1983 pr r 000 p spa d aDO-SdBNPbspacBNPHU aPR861.44bM538t1 aMéndez, Angel Luis92657410aTecnicólor de la gallina blanca :bantología poética /cAngel Luis Méndez ; prólogo Alfredo Matilla Rivas. aBarranquitas, Puerto Rico,c1983. a172 p. :bEl Antillano ;c23 cm. aInventariado, 2018/BT 4aPoesía puertorriqueña91015 4aLiteratura puertorriqueña92501 aMatilla Rivas, Alfredo,epról.925277 aValidado. Control de calidad. EMS 001050718MOaGRbGRcHDd2009-10-14iLF1l0oPR861.44 M538tp11071-10r2020-06-25w2020-06-25y1ZNo se presta 001050718MOaGRbGRcHDd2009-10-14iLF1l0oPR861.44 M538tp11071-20r2020-06-25te. 2w2020-06-25y1ZNo se presta c10796d10796